000 00566nam a2200181 i 4500
001 145106
003 ES-MaACL
005 20230906201150.0
007 t|
008 070214s1967 sp r ||||1| spa d
100 1 _aSoto Hidalgo, Joaquín del.
_9107520
245 1 0 _aGeometría descriptiva, perspectiva y sombras /
_cJoaquín del Soto Hidalgo.
250 _a2ª. ed.
260 _aMadrid :
_bAcademia Soto Hidalgo,
_c1967.
300 _a2 v., 10 lám. :
_bil. ;
_c28 cm.
650 4 _aGeometría descriptiva.
_9136182
852 _aES-MaACL
_jC-34520-1
_bR.66801
999 _c145106
_d145106